| 000 | 00804nam a22002297a 4500 | ||
|---|---|---|---|
| 003 | UA-OsUOA | ||
| 001 | 23672 | ||
| 007 | ta | ||
| 008 | 20040127b un ||||| |||| 00| 0 ukr d | ||
| 090 |
_a316.6 _bС69 |
||
| 942 | _cBK | ||
| 040 |
_aUA-OsUOA _brus _cUA-OsUOA _dUA-OsUOA |
||
| 245 |
_aСоциальные институты воспитания. Формирование духовных вопросов, потребностей и интересов молодежи. _bСборник научных трудов _cРед. А.И.Литвинчук |
||
| 300 | _a178 с. | ||
| 955 | _a0 | ||
| 041 | _arus | ||
| 080 | _a316.6 | ||
| 260 |
_aКиев _bРовенский Государственный Институт Культуры _c1991 |
||
| 044 | _aRU | ||
| 650 | 7 | _2UDC | |
| 999 |
_c309927 _d309927 |
||